000 00935nam a22003137a 4500
001 BR8703798
003 BR-BrBNA
005 20230928092629.0
007 ta
008 230509b bl.||||| |||| 00| 0 por d
040 _aBR-BrBNA
_bpor
_cBiblioteca Nacional de Agricultura
041 _a(Por)
072 _aF70; F50
090 _ F70 BR8703798
100 1 _aFerreira, A.A.A.
100 1 _aGomide, C.J.
100 1 _aSilva, E.A.M. da
100 1 _aSilva, H.
100 1 _aMaria, J.
110 1 _aUniversidade Federal de Vicosa, MG (Brasil). Depto. de Biologia Vegetal
_910977
245 1 _aAnatomia das espermatofitas (exercicios praticos)
260 3 _aVicosa, MG (Brasil):
_c1985.
300 _a120 p.
500 _a(*) Documento disponível no(a) UFV, Vicosa, MG (Brazil). Biblioteca Central
650 _aTAXONOMIA VEGETAL
650 _aANATOMIA VEGETAL
909 _a202309
_bLucia
_c55
_dLucia Elande
942 _cBK
999 _c40267
_d40267